Examining socio-economic inequalities in tobacco cessation in India: An analysis of the global adult tobacco survey 2 (Record no. 521589)

000 -LEADER
fixed length control field 01366nam a22001577a 4500
008 - FIXED-LENGTH DATA ELEMENTS--GENERAL INFORMATION
fixed length control field 230215b ||||| |||| 00| 0 eng d
100 ## - MAIN ENTRY--PERSONAL NAME
Personal name Panda, R., Lahoti, S. and Prabhu, R.R.
245 ## - TITLE STATEMENT
Title Examining socio-economic inequalities in tobacco cessation in India: An analysis of the global adult tobacco survey 2
260 ## - PUBLICATION, DISTRIBUTION, ETC. (IMPRINT)
Place of publication, distribution, etc Productivity
300 ## - PHYSICAL DESCRIPTION
Extent 62(4), Jan-Mar, 2022: p.355-367
520 ## - SUMMARY, ETC.
Summary, etc The aim of this study is to examine the socio-economic patterns of tobacco cessation among tobacco users (smokers as well as smokeless tobacco users). Data on tobacco users was derived from the Global Adult Tobacco Survey 2016-17 (GATS-2). Univariate and multivariate logistic regression was used to examine the association of socio-demographic variables with tobacco cessation outcomes. Tobacco users of lower socio-economic status were found to be less successful in quitting, compared with their counterparts of higher socio-economic. The inequalities identified suggest targeted interventions for particular groups of tobacco users. Decreases in morbidity and mortality attributable to tobacco will have long-term effects on productivity of the population. – Reproduced
650 ## - SUBJECT ADDED ENTRY--TOPICAL TERM
Topical term or geographic name as entry element Socio-economic inequalities, Tobacco cessation, lysis of the global adult tobacco survey
9 (RLIN) 37298
773 ## - HOST ITEM ENTRY
Main entry heading Productivity
906 ## - LOCAL DATA ELEMENT F, LDF (RLIN)
Subject DIP DRUG ABUSE
942 ## - ADDED ENTRY ELEMENTS (KOHA)
Item type Articles
Holdings
Withdrawn status Lost status Source of classification or shelving scheme Damaged status Not for loan Permanent location Current location Date acquired Serial Enumeration / chronology Barcode Date last seen Koha item type
          Indian Institute of Public Administration Indian Institute of Public Administration 2023-02-15 62(4), Jan-Mar, 2022: p.355-367 AR127971 2023-02-15 Articles

Powered by Koha